The gender binary will not be deprogrammed: Ten years of coding gender on Facebook (Record no. 347655)
[ view plain ]
| 000 -LEADER | |
|---|---|
| fixed length control field | 00559nam a2200133Ia 4500 |
| 008 - FIXED-LENGTH DATA ELEMENTS--GENERAL INFORMATION | |
| fixed length control field | 171207s9999 xx 000 0 und d |
| 100 ## - MAIN ENTRY--PERSONAL NAME | |
| Personal name | Rivens, Rena |
| 245 #4 - TITLE STATEMENT | |
| Title | The gender binary will not be deprogrammed: Ten years of coding gender on Facebook |
| 245 ## - TITLE STATEMENT | |
| Statement of responsibility, etc | Rena Bivens |
| 260 ## - PUBLICATION, DISTRIBUTION, ETC. (IMPRINT) | |
| Date of publication, distribution, etc | 2017 |
| 300 ## - PHYSICAL DESCRIPTION | |
| Extent | pages 880-898, June 2017 |
| 440 ## - SERIES STATEMENT/ADDED ENTRY--TITLE | |
| Title | New Media & Society |
| Volume number/sequential designation | 19:6 |
| 650 ## - SUBJECT ADDED ENTRY--TOPICAL TERM | |
| Topical term or geographic name as entry element | Advertising, application programming interface, code, database, gender binary, queer theory, software-user relationship, social media software, sociotechnical, transgender |
| Withdrawn status | Lost status | Damaged status | Home library | Current library | Date acquired | Total Checkouts | Date last seen | Price effective from | Koha item type |
|---|---|---|---|---|---|---|---|---|---|
| College Library | College Library | 12/07/2017 | 12/07/2017 | 12/07/2017 | Periodicals |